Summa theologiae: cura fratrum eiusdem Ordinis
Gorde:
| Egile nagusia: | |
|---|---|
| Formatua: | Liburua |
| Hizkuntza: | latina |
| Argitaratua: |
Madrid
BAC
1955
|
| Saila: | Biblioteca de Autores Cristianos
|
| Gaiak: | |
| Etiketak: |
Etiketa erantsi
Etiketarik gabe, Izan zaitez lehena erregistro honi etiketa jartzen!
|
MARC
| LEADER | 00000nam a2200000 a 4500 | ||
|---|---|---|---|
| 001 | UCK4823 | ||
| 003 | CL-VaPUC | ||
| 008 | 050624e19550000SP |||||||||||||||||lat|d | ||
| 082 | 0 | 4 | |a 189.4 |b TOM |2 21 |
| 100 | |a Tomás de Aquino |d 1220-1274 |c Santo |e author |9 255832 | ||
| 245 | 1 | 0 | |a Summa theologiae: cura fratrum eiusdem Ordinis |
| 300 | |a v | ||
| 942 | |c BK | ||
| 945 | |d 20050624 00:00:00 |a cmena | ||
| 260 | |a Madrid |b BAC |c 1955 | ||
| 500 | |a v.2: Prima secundae | ||
| 650 | 7 | |a ESCOLATICISMO |2 CL-VaPUC |9 478085 | |
| 650 | 0 | |a Filosofía cristiana |9 265980 | |
| 650 | 0 | |a Teología cristiana |9 308336 | |
| 583 | |a last modification |c 20050624 00:00:00 |k Rodrigo Vera | ||
| 490 | 0 | |a Biblioteca de Autores Cristianos | |
| 999 | |c 313566 |d 313564 | ||
| 952 | |0 0 |1 0 |4 0 |6 189_400000000000000_TOM_1955 |7 0 |8 A |9 384982 |a BIBTEO |b BIBTEO |d 2019-11-22 |h v.2 |i 4109325 |o 189.4 TOM 1955 |p 4109325 |r 2025-01-17 |w 2019-11-22 |y BK |k ICR | ||